[Event "38th Eastman Open 2015"]
[Site "Ghent BEL"]
[Date "2015.07.21"]
[Round "7.11"]
[White "Oranje, Richard"]
[Black "Van Herck, Marcel"]
[Result "1-0"]
[WhiteElo "2118"]
[BlackElo "2170"]
[WhiteFideId "1013483"]
[BlackFideId "200344"]
[EventDate "2015.07.18"]

1. e4 e6 2. Nf3 c5 3. c3 Nf6 4. e5 Nd5 5. d4 cxd4 6. cxd4 d6 7. Nc3 Nxc3 8. bxc3
Nc6 9. exd6 Bxd6 10. Bd3 b6 11. O-O Bb7 12. Re1 Be7 13. Qc2 Rc8 14. Rb1 h6 15.
Qe2 O-O 16. Qe4 g6 17. Bxh6 Na5 18. Qg4 1-0

[Event "38th Eastman Open 2015"]
[Site "Ghent BEL"]
[Date "2015.07.21"]
[Round "7.12"]
[White "Schalkx, Johnny"]
[Black "Smekens, Ruben"]
[Result "1-0"]
[WhiteElo "2130"]
[BlackElo "2069"]
[WhiteFideId "201529"]
[BlackFideId "210447"]
[EventDate "2015.07.18"]

1. e4 c6 2. d4 d5 3. Nd2 dxe4 4. Nxe4 Bf5 5. Nc5 e5 6. Nxb7 Qb6 7. Nc5 exd4 8.
Nb3 Bb4+ 9. Bd2 Nf6 10. Qe2+ Be6 11. O-O-O Bxd2+ 12. Rxd2 c5 13. g4 Nbd7 14. Bg2
Rb8 15. g5 c4 16. gxf6 cxb3 17. axb3 Nxf6 18. Nf3 Qa5 19. Kb1 O-O 20. Nxd4 Bg4
21. Qd3 Rfd8 22. Qc3 Qe5 23. Qg3 Qa5 24. Qc3 Qe5 25. h3 Ne4 26. Bxe4 Qxe4 27.
Rg1 Rbc8 28. Qg3 Rxd4 29. Rxd4 Qxd4 30. Qxg4 Rd8 31. b4 g6 32. Qg5 Rd5 33. Qe3
Qxb4 34. Qxa7 Ra5 35. Qd7 Kg7 36. Rd1 Rf5 37. Qd4+ Qxd4 38. Rxd4 Rxf2 39. b4 Kf6
40. b5 Re2 41. b6 Re7 42. c4 Rb7 43. c5 Ke6 44. Kc2 f5 45. Kc3 g5 46. Kc4 Rd7
47. Rxd7 Kxd7 48. Kb5 f4 49. b7 Kc7 50. Ka6 f3 51. Ka7 f2 52. b8=Q+ 1-0

[Event "38th Eastman Open 2015"]
[Site "Ghent BEL"]
[Date "2015.07.21"]
[Round "7.13"]
[White "Stuemer, Paul"]
[Black "Van Mechelen, Jan"]
[Result "0-1"]
[BlackTitle "FM"]
[WhiteElo "2069"]
[BlackElo "2243"]
[WhiteFideId "4635841"]
[BlackFideId "201863"]
[EventDate "2015.07.18"]

1. Nf3 f5 2. d3 Nc6 3. e4 e5 4. Nc3 Nf6 5. Bg5 Bb4 6. Nd2 Bxc3 7. bxc3 h6 8.
Bxf6 Qxf6 9. exf5 Qxf5 10. Be2 O-O 11. O-O b6 12. Nc4 Bb7 13. Ne3 Qf7 14. Bf3
Nd8 15. Bxb7 Nxb7 16. c4 c6 17. Qh5 0-1

[Event "38th Eastman Open 2015"]
[Site "Ghent BEL"]
[Date "2015.07.21"]
[Round "7.14"]
[White "Rechner, Klaus"]
[Black "Boog, Ben"]
[Result "1/2-1/2"]
[WhiteElo "2255"]
[BlackElo "2075"]
[WhiteFideId "4615700"]
[BlackFideId "1008528"]
[EventDate "2015.07.18"]

1. Nf3 g6 2. d4 Bg7 3. g3 d5 4. Bg2 Nf6 5. c4 c6 6. Qb3 dxc4 7. Qxc4 O-O 8. Nc3
Nbd7 9. O-O Nb6 10. Qb3 Be6 11. Qc2 Nfd5 12. a3 Nxc3 13. bxc3 Qd7 14. Ng5 Bc4
15. Re1 e5 16. Nf3 exd4 17. cxd4 Rfe8 18. Rb1 Bb5 1/2-1/2

[Event "38th Eastman Open 2015"]
[Site "Ghent BEL"]
[Date "2015.07.21"]
[Round "7.15"]
[White "Windels, Jan"]
[Black "Offringa, Joost"]
[Result "0-1"]
[WhiteElo "2021"]
[BlackElo "2224"]
[WhiteFideId "208094"]
[BlackFideId "1025880"]
[EventDate "2015.07.18"]

1. Nf3 f5 2. d3 Nc6 3. e4 e5 4. g3 Nf6 5. exf5 d5 6. Nh4 Bc5 7. Be3 Qe7 8. c3
Bd7 9. Bg2 O-O-O 10. O-O Rdg8 11. b4 Bxe3 12. fxe3 g5 13. fxg6 hxg6 14. e4 dxe4
15. Bxe4 Nxe4 16. dxe4 Bh3 17. Rf2 Rd8 18. Qe1 Qe6 19. Nd2 Rd3 20. Ndf3 Rhd8 21.
Rd2 Rxd2 22. Nxd2 Rd3 23. Qf2 Qd6 24. Nhf3 Rxc3 25. b5 Nd4 26. Ng5 Rc2 27. Kh1
Bg4 28. h3 Be2 0-1

[Event "38th Eastman Open 2015"]
[Site "Ghent BEL"]
[Date "2015.07.21"]
[Round "7.16"]
[White "McMichael, Richard J"]
[Black "De Vos, Clemens"]
[Result "1-0"]
[WhiteTitle "CM"]
[WhiteElo "2207"]
[BlackElo "2041"]
[WhiteFideId "400963"]
[BlackFideId "1033158"]
[EventDate "2015.07.18"]

1. f4 d5 2. Nf3 Nf6 3. e3 g6 4. d4 Bg7 5. Bd3 Nbd7 6. O-O O-O 7. Nbd2 c5 8. c3
b6 9. Ne5 Bb7 10. Qf3 e6 11. Qh3 Rc8 12. Ndf3 Ne4 13. Bd2 Nxd2 14. Nxd2 Qe7 15.
Ng4 f5 16. Ne5 Nxe5 17. fxe5 Bc6 18. Rf2 Qg5 19. Raf1 h5 20. Rf3 Qh6 21. Qg3 g5
22. h4 g4 23. R3f2 Qh7 24. Re2 Kh8 25. Qf2 Bh6 26. g3 Bd7 27. Qe1 Qe7 28. Nb1
Kg7 29. Ref2 Be8 30. Na3 c4 31. Bb1 a6 32. Nc2 Bg6 33. Qd2 Rb8 34. Rc1 a5 35.
Ne1 Rb7 36. Ng2 b5 37. Rcf1 Rbb8 38. Nf4 Bxf4 39. Rxf4 b4 40. R4f2 Rb7 41. e4
dxe4 42. Bxe4 Rd7 43. Bg2 Rfd8 44. Qe3 Rf8 45. Re1 Rdd8 46. Rd1 Kh7 47. Rf4 Qa7
48. Kh2 Rfe8 49. Qe2 Qc7 50. Bf1 Rc8 51. Bg2 Rcd8 52. Qd2 Qe7 53. Rf2 Rf8 54.
Qf4 Rd7 55. Rfd2 Rfd8 56. d5 exd5 57. Rxd5 Rxd5 58. Rxd5 Rxd5 59. Bxd5 bxc3 60.
bxc3 Qc5 61. Qxc4 Qf2+ 62. Bg2 f4 63. Qxf4 Qxa2 64. c4 a4 65. e6 Qe2 66. Qf6 a3
67. Qe7+ Kh6 68. Qxa3 Qxe6 69. Qf8+ Kh7 70. Qf4 Qe2 71. c5 Qc2 72. c6 Bf5 73. c7
Be6 74. Qe4+ Qxe4 75. Bxe4+ 1-0

[Event "38th Eastman Open 2015"]
[Site "Ghent BEL"]
[Date "2015.07.21"]
[Round "8.1"]
[White "Dgebuadze, Alexandre"]
[Black "Feller, Sebastien"]
[Result "1-0"]
[WhiteTitle "GM"]
[BlackTitle "GM"]
[WhiteElo "2490"]
[BlackElo "2622"]
[WhiteFideId "203882"]
[BlackFideId "634654"]
[EventDate "2015.07.18"]

1. e4 c5 2. Nf3 d6 3. d4 cxd4 4. Nxd4 Nf6 5. Nc3 g6 6. Be2 Bg7 7. O-O O-O 8. Be3
Nc6 9. Qd2 Bd7 10. Rad1 Rc8 11. h3 a6 12. f4 b5 13. a3 Qc7 14. Nf3 Be6 15. f5
Bc4 16. Bxc4 bxc4 17. Qf2 Rb8 18. fxg6 hxg6 19. Nd5 Qd8 20. Qh4 Nh7 21. e5 Rb5
22. exd6 Qxd6 23. Qxc4 Re8 24. Nc3 Na5 25. Qe2 Qe6 26. Nxb5 axb5 27. b3 Nc6 28.
Rfe1 Qf5 29. Qd3 Qc8 30. Qxb5 e5 31. Qc4 Qb7 32. Rd6 Nd8 33. Qd5 Qc8 34. Rd1 Ne6
35. Qc6 Qb8 36. Qb6 Qc8 37. Rc6 Qa8 38. Qa6 Qb8 39. Rb6 Qc7 40. Qb5 Rf8 41. Qc4
Qe7 42. Rxe6 fxe6 43. Bc5 Qf6 44. Bxf8 Nxf8 45. Qe4 Qe7 46. b4 Qa7+ 47. Kh1 Qxa3
48. Qc4 Qa8 49. b5 e4 50. Ng5 e3 51. Nxe6 Kh7 52. Ng5+ Kh8 53. Qe4 Qc8 54. Qxe3
Qxc2 55. Re1 Qb2 56. Nf3 Qxb5 57. Ne5 Qa6 58. Qe4 Kg8 59. Ng4 Kh7 60. Qe2 Qa5
61. Rf1 Qb6 62. Qf3 Qa6 63. Nf6+ Kh8 64. Ne8 Bh6 65. Qf6+ Qxf6 66. Nxf6 Kg7 67.
Ng4 Bg5 68. Rb1 Ne6 69. Rb7+ Kg8 70. Rb6 Kf7 71. Ne5+ Kf6 72. Nf3 Be3 73. Ra6
Kf7 74. Ne5+ Kf6 75. Nxg6 Kf5 76. Ne7+ Kf6 77. Nd5+ Ke5 78. Nxe3 Nd4 79. Nc4+
Ke4 80. Nd6+ Kf4 81. Ra4 Ke3 82. Rxd4 Kxd4 83. Kh2 1-0

[Event "38th Eastman Open 2015"]
[Site "Ghent BEL"]
[Date "2015.07.21"]
[Round "8.2"]
[White "Sumets, Andrey"]
[Black "Verstraeten, Rein"]
[Result "1-0"]
[WhiteTitle "GM"]
[BlackTitle "FM"]
[WhiteElo "2598"]
[BlackElo "2312"]
[WhiteFideId "14105500"]
[BlackFideId "223654"]
[EventDate "2015.07.18"]

1. d4 Nf6 2. c4 g6 3. Nc3 Bg7 4. e4 O-O 5. Nf3 d6 6. Be2 e5 7. O-O Na6 8. Re1 c6
9. Be3 Qe7 10. c5 Ng4 11. cxd6 Qxd6 12. Bxa6 bxa6 13. dxe5 Qxd1 14. Raxd1 Nxe5
15. Nxe5 Bxe5 16. Bd4 Bc7 17. Na4 Be6 18. b3 Ba5 19. Bc3 Bb6 20. Bf6 Rfc8 21.
Rd6 c5 22. Nxb6 axb6 23. Rxb6 a5 24. Re3 c4 25. bxc4 Rxc4 26. Rb1 Rc6 27. a3 Ba2
28. Ra1 Rxf6 29. Rxa2 Rc6 30. g4 Rac8 31. Rd2 Rc3 32. Rdd3 Rxd3 33. Rxd3 Rc1+
34. Kg2 Ra1 35. Kg3 g5 36. f3 h6 37. h4 a4 38. h5 Ra2 39. f4 gxf4+ 40. Kxf4 Kg7
41. e5 Rf2+ 42. Rf3 Re2 43. Kf5 Re1 44. Rf4 Re3 45. Rxa4 Re1 46. Re4 Ra1 47. a4
Kf8 48. e6 Ke7 49. exf7+ Kxf7 50. Rb4 Rf1+ 51. Ke5 Re1+ 52. Kd6 Kf6 53. Kc7 Ke7
54. a5 1-0

[Event "38th Eastman Open 2015"]
[Site "Ghent BEL"]
[Date "2015.07.21"]
[Round "8.3"]
[White "Froeyman, Helmut"]
[Black "Michiels, Bart"]
[Result "0-1"]
[WhiteTitle "FM"]
[BlackTitle "GM"]
[WhiteElo "2278"]
[BlackElo "2533"]
[WhiteFideId "203602"]
[BlackFideId "202967"]
[EventDate "2015.07.18"]

1. e4 e6 2. d4 d5 3. Nc3 Nf6 4. e5 Nfd7 5. f4 c5 6. Nf3 Nc6 7. Be3 Be7 8. Qd2 b6
9. Be2 O-O 10. O-O f5 11. a3 Bb7 12. Rfd1 a6 13. dxc5 Nxc5 14. b4 Ne4 15. Nxe4
fxe4 16. Nd4 Nxd4 17. Bxd4 b5 18. Bg4 Qc8 19. Qe3 Bc6 20. Qh3 Bd7 21. Rf1 a5 22.
Rab1 axb4 23. axb4 Ra2 24. c3 Qa6 25. Rbe1 g6 26. Qe3 Ra8 27. Re2 Ra3 28. Rb2
Rc8 29. Rc1 Ra1 30. Rbb1 Ra2 31. Bd1 Ra3 32. Bb3 Qa8 33. Rf1 Rc6 34. Kh1 Rca6
35. Qg1 h5 36. g3 Kf7 37. h3 Qf8 38. Qe3 Ke8 39. Kg2 Kd8 40. Rf2 Kc7 41. Rff1
Kb7 42. Qd2 Qa8 43. Rb2 Bd8 44. Rc1 Bc7 45. Rbb1 Qf8 46. Rb2 Qf5 47. Rf1 Ra8 48.
Qe3 Rg8 49. Rff2 Bc6 50. Kh2 Rga8 51. Rb1 Bd8 52. Rff1 Be7 53. Rf2 Be8 54. Kg2
g5 55. Rbb2 gxf4 56. Rxf4 Qh7 57. h4 Bg6 58. Bd1 Bf5 59. Be2 Ra2 60. Rxa2 Rxa2
61. Rf2 Qg8 62. Bxb5 Ra1 63. Be2 Bxh4 64. c4 Bxg3 65. Qxg3 Rg1+ 0-1

[Event "38th Eastman Open 2015"]
[Site "Ghent BEL"]
[Date "2015.07.21"]
[Round "8.4"]
[White "Cordts, Ingo"]
[Black "Pap, Misa"]
[Result "0-1"]
[WhiteTitle "FM"]
[BlackTitle "GM"]
[WhiteElo "2284"]
[BlackElo "2486"]
[WhiteFideId "4662687"]
[BlackFideId "921610"]
[EventDate "2015.07.18"]

1. Nf3 c5 2. c4 Nc6 3. d4 cxd4 4. Nxd4 Nf6 5. Nc3 e6 6. a3 Nxd4 7. Qxd4 b6 8. b4
Ba6 9. e4 d6 10. Be2 Rc8 11. b5 Bb7 12. O-O Be7 13. Bb2 O-O 14. a4 Qc7 15. a5 d5
16. axb6 axb6 17. exd5 exd5 18. cxd5 Rfe8 19. Bf3 Bd6 20. Qh4 Be5 21. d6 Qb8 22.
Bxb7 Qxb7 23. Na4 Bxb2 24. Nxb2 Re4 25. Qh3 Rb4 26. Rfc1 Rf8 27. Nc4 Rxb5 28.
Rab1 Rc5 29. Qe3 Rfc8 30. Ne5 Qd5 31. Rxc5 bxc5 32. d7 Nxd7 33. Nxd7 Qxd7 34. h3
Qd5 35. Rc1 g6 36. Qc3 h5 37. h4 c4 38. Rc2 Qe4 39. g3 Rb8 40. Rc1 Rb1 41. Rxb1
Qxb1+ 42. Kg2 Qb3 43. Qe5 c3 44. Qe8+ Kh7 45. Qc6 c2 46. g4 hxg4 47. Qc7 Qf3+
48. Kg1 Qd1+ 49. Kh2 0-1

[Event "38th Eastman Open 2015"]
[Site "Ghent BEL"]
[Date "2015.07.21"]
[Round "8.5"]
[White "Docx, Stefan"]
[Black "De Groote, Jesper"]
[Result "1-0"]
[WhiteTitle "IM"]
[WhiteElo "2417"]
[BlackElo "2168"]
[WhiteFideId "200778"]
[BlackFideId "1019295"]
[EventDate "2015.07.18"]

1. d4 Nf6 2. c4 e6 3. g3 d5 4. Nf3 Bb4+ 5. Bd2 Be7 6. Bg2 O-O 7. O-O c6 8. Qc2
b6 9. Bf4 Bb7 10. Rd1 Nbd7 11. Nc3 dxc4 12. Nd2 Nd5 13. Nxc4 Nxf4 14. gxf4 Qb8
15. e3 Nf6 16. Ne5 Rc8 17. f5 c5 18. fxe6 fxe6 19. Qb3 c4 20. Nxc4 Bxg2 21. Kxg2
Qb7+ 22. Kg1 Qf3 23. Ne5 Qh3 24. e4 Rxc3 25. bxc3 Nxe4 26. Rd3 Qh6 27. Re1 Nxf2
28. Rf3 Nh3+ 29. Kh1 Ng5 30. Rff1 Bf6 31. Nf3 Re8 32. d5 Nxf3 33. Rxf3 Qd2 34.
Rfe3 e5 35. c4 Rf8 36. R3e2 Qd4 37. Rd1 Qg4 38. Qd3 Rc8 39. Re4 Qf5 40. a4 Rd8
41. a5 Rd6 42. axb6 axb6 43. Rf1 Qg6 44. Qe2 h6 45. Rg4 Qf7 46. Rb1 Qc7 47. Ra1
Rd8 48. Qe4 Bg5 49. Rag1 Kh8 50. h4 Bf6 51. Rg6 Qd7 52. Kh2 Ra8 53. Qe3 Ra2+ 54.
Kh1 Kh7 55. Qg3 Qf7 56. Qd3 Kh8 57. Qf5 Qe7 58. Qc8+ Kh7 59. Rxh6+ Kxh6 60. Qh8# 1-0

[Event "38th Eastman Open 2015"]
[Site "Ghent BEL"]
[Date "2015.07.21"]
[Round "8.6"]
[White "Huhndorf, Arnold"]
[Black "Gavrilov, Alexei1"]
[Result "0-1"]
[WhiteTitle "FM"]
[BlackTitle "GM"]
[WhiteElo "2262"]
[BlackElo "2411"]
[WhiteFideId "4665031"]
[BlackFideId "4104358"]
[EventDate "2015.07.18"]

1. d4 d5 2. c4 c6 3. cxd5 cxd5 4. Bf4 Nc6 5. e3 Bf5 6. Nc3 e6 7. Nf3 Bd6 8. Bxd6
Qxd6 9. Bd3 Nge7 10. O-O O-O 11. Rc1 Rfc8 12. Na4 h6 13. Nc5 b6 14. Bxf5 bxc5
15. dxc5 Qb8 16. Bd3 Qxb2 17. Qa4 Qb4 18. Qc2 Qa3 19. Qd2 Rab8 20. Rc3 Qb2 21.
Rb1 Qxd2 22. Nxd2 Nb4 23. Rcb3 Nec6 24. Kf1 Nxa2 25. Ba6 Rxb3 26. Rxb3 Rb8 27.
Rxb8+ Nxb8 28. Bb7 Nb4 29. Nf3 Kf8 30. Ne5 N8a6 31. Bxa6 Nxa6 32. Nc6 Nxc5 33.
Nxa7 Ke7 34. Ke2 e5 35. Nb5 Kd7 36. f3 Kc6 37. Na3 Ne6 38. Kd3 f5 39. g3 g5 40.
Nc2 g4 41. f4 e4+ 42. Kc3 Kc5 0-1

[Event "38th Eastman Open 2015"]
[Site "Ghent BEL"]
[Date "2015.07.21"]
[Round "8.7"]
[White "Sarrau, Jelle"]
[Black "Schalkx, Johnny"]
[Result "1/2-1/2"]
[WhiteTitle "FM"]
[WhiteElo "2359"]
[BlackElo "2130"]
[WhiteFideId "207608"]
[BlackFideId "201529"]
[EventDate "2015.07.18"]

1. d4 g6 2. c4 Bg7 3. e4 Nc6 4. Nf3 e5 5. Bg5 f6 6. Be3 d6 7. d5 Nce7 8. Nc3 f5
9. Be2 Nf6 10. exf5 gxf5 11. Ng5 O-O 12. g3 Ng4 13. Bxg4 fxg4 14. Ne6 Bxe6 15.
dxe6 Nf5 16. Qxg4 Qf6 17. O-O Qxe6 18. Rad1 Qf7 19. c5 dxc5 20. Bxc5 Rfd8 21. b3
b6 22. Be3 Rxd1 23. Qxd1 c6 24. Ne4 Rf8 25. Re1 Qd5 26. Qg4 Qf7 27. Qe2 Kh8 28.
f3 Nxe3 29. Ng5 Qf5 30. Qxe3 h6 31. Ne4 Qxf3 32. Qxf3 Rxf3 33. Rd1 Re3 34. Nd6
Re2 35. a4 c5 36. Nf5 Bf8 37. Rd7 c4 38. bxc4 Bc5+ 39. Kh1 e4 40. Rxa7 e3 41. a5
Re1+ 42. Kg2 e2 43. Kf3 Rf1+ 44. Kxe2 Rxf5 45. axb6 Bxb6 46. Ra6 Bc5 47. Rxh6+
Kg7 48. Rh4 Re5+ 49. Kd3 Re3+ 50. Kd2 Ra3 51. Kc2 Kf6 52. Rf4+ Ke5 53. Rh4 Bd4
54. Kd2 Ra2+ 55. Kd3 Ra3+ 56. Kd2 Ra2+ 1/2-1/2

[Event "38th Eastman Open 2015"]
[Site "Ghent BEL"]
[Date "2015.07.21"]
[Round "8.8"]
[White "Oranje, Richard"]
[Black "De Groote, Ewoud"]
[Result "0-1"]
[WhiteElo "2118"]
[BlackElo "2315"]
[WhiteFideId "1013483"]
[BlackFideId "1017870"]
[EventDate "2015.07.18"]

1. f4 d5 2. Nf3 g6 3. g3 Bg7 4. Bg2 c6 5. c3 Nd7 6. d3 Qb6 7. e4 dxe4 8. dxe4
Nc5 9. Qe2 Bg4 10. Be3 Qxb2 11. Qxb2 Nd3+ 12. Ke2 Nxb2 13. h3 Be6 14. Nd4 Bc4+
15. Kd2 Ba6 16. Na3 e5 17. Nb3 O-O-O+ 18. Kc2 Rd3 19. Bxa7 Rxg3 20. Rag1 Na4 21.
Nb1 Bd3+ 22. Kc1 Rxg2 23. Rxg2 Bxe4 24. Rhg1 Bxg2 25. Rxg2 Bh6 26. Kc2 Bxf4 27.
Na5 Kc7 28. Na3 Ne7 29. Kb3 Ra8 0-1

[Event "38th Eastman Open 2015"]
[Site "Ghent BEL"]
[Date "2015.07.21"]
[Round "8.9"]
[White "Van Mechelen, Jan"]
[Black "Vandelacluze, Ian"]
[Result "1-0"]
[WhiteTitle "FM"]
[WhiteElo "2243"]
[BlackElo "2069"]
[WhiteFideId "201863"]
[BlackFideId "222755"]
[EventDate "2015.07.18"]

1. Nf3 d5 2. g3 Nf6 3. Bg2 c6 4. O-O Bf5 5. d3 h6 6. c4 dxc4 7. dxc4 Qxd1 8.
Rxd1 e6 9. Nc3 Be7 10. Nd4 Bh7 11. Ndb5 Na6 12. Nd6+ Bxd6 13. Rxd6 Ke7 14. Rd1
Rhd8 15. Rxd8 Rxd8 16. h3 Nb8 17. Be3 b6 18. a4 c5 19. a5 Nbd7 20. Nb5 Be4 21.
Nxa7 bxa5 22. Bxe4 1-0

[Event "38th Eastman Open 2015"]
[Site "Ghent BEL"]
[Date "2015.07.21"]
[Round "8.10"]
[White "Van den Dikkenberg, Erik"]
[Black "Offringa, Joost"]
[Result "1/2-1/2"]
[WhiteTitle "FM"]
[WhiteElo "2133"]
[BlackElo "2224"]
[WhiteFideId "1005880"]
[BlackFideId "1025880"]
[EventDate "2015.07.18"]

1. e4 e6 2. d4 d5 3. Nc3 Bb4 4. e5 Ne7 5. Bd2 c5 6. Nb5 Bxd2+ 7. Qxd2 O-O 8.
dxc5 Nd7 9. Qc3 Nc6 10. Nf3 f6 11. exf6 Nxf6 12. O-O-O Ne4 13. Qe3 Qa5 14. a3 a6
15. Nd6 Nxd6 16. cxd6 b5 17. Bd3 Rf6 18. Nd4 Nxd4 19. Qxd4 Bd7 20. f4 Rb8 21.
Qa7 Rd8 22. g3 Be8 23. Qc5 Rd7 24. Rhe1 Qd8 25. Re5 Rxd6 26. Qd4 1/2-1/2

[Event "38th Eastman Open 2015"]
[Site "Ghent BEL"]
[Date "2015.07.21"]
[Round "8.11"]
[White "Stone, Andrew M"]
[Black "Robert, Pierre"]
[Result "1-0"]
[WhiteElo "2209"]
[BlackElo "2106"]
[WhiteFideId "404985"]
[BlackFideId "204781"]
[EventDate "2015.07.18"]

1. c4 Nf6 2. g3 g6 3. Bg2 Bg7 4. Nc3 d6 5. d4 O-O 6. Nf3 Nbd7 7. O-O e5 8. e4 c6
9. h3 Qb6 10. d5 Nc5 11. Re1 cxd5 12. cxd5 Bd7 13. Bf1 Rac8 14. Nd2 Ne8 15. Nc4
Qd8 16. b4 Na6 17. Qb3 f5 18. Na5 Qb6 19. Nc6 Rf7 20. Be3 Qc7 21. Nb5 bxc6 22.
Nxc7 Naxc7 23. dxc6 Be6 24. Bc4 Bxc4 25. Qxc4 fxe4 26. Qxe4 d5 27. Qg4 Rd8 28.
Bxa7 Nf6 29. Qe2 Ne4 30. a4 Nc3 31. Qd2 d4 32. b5 1-0

[Event "38th Eastman Open 2015"]
[Site "Ghent BEL"]
[Date "2015.07.21"]
[Round "8.12"]
[White "Polee, Hans"]
[Black "McMichael, Richard J"]
[Result "1-0"]
[BlackTitle "CM"]
[WhiteElo "2108"]
[BlackElo "2207"]
[WhiteFideId "1016830"]
[BlackFideId "400963"]
[EventDate "2015.07.18"]

1. Nf3 e6 2. c4 f5 3. g3 Nf6 4. Bg2 d5 5. d4 c6 6. O-O Bd6 7. b3 Qe7 8. Bb2 O-O
9. Nbd2 Bd7 10. Ne1 Be8 11. Nd3 Bh5 12. Nf3 Nbd7 13. a4 Ne4 14. Qc2 Rf6 15. Nfe5
Rd8 16. f3 Nxe5 17. dxe5 Bc5+ 18. Nf2 Nxf2 19. exf6 Ne4+ 20. Kh1 Nxf6 21. Bxf6
Qxf6 22. cxd5 Bd4 23. Rad1 exd5 24. g4 Bg6 25. g5 Qe5 26. f4 1-0

[Event "38th Eastman Open 2015"]
[Site "Ghent BEL"]
[Date "2015.07.21"]
[Round "8.13"]
[White "Lacrosse, Marc"]
[Black "Stam, Hans"]
[Result "1/2-1/2"]
[WhiteTitle "FM"]
[WhiteElo "2143"]
[BlackElo "2016"]
[WhiteFideId "200921"]
[BlackFideId "1043838"]
[EventDate "2015.07.18"]

1. d4 Nf6 2. c4 g6 3. Nc3 Bg7 4. e4 d6 5. Be2 O-O 6. Be3 e5 7. Nf3 Nc6 8. d5 Ne7
9. Nd2 Nd7 10. b4 f5 11. f3 Nf6 12. c5 f4 13. Bf2 g5 14. Nc4 Ne8 15. Rc1 Ng6 16.
cxd6 cxd6 17. Nb5 b6 18. a4 Nh4 19. O-O Qd7 20. a5 Nxg2 21. Kxg2 Qh3+ 22. Kh1 g4
23. Rg1 g3 24. Bxg3 fxg3 25. Rxg3 Qd7 26. Ncxd6 Nxd6 27. Rc7 Nxb5 28. Rxd7 Bxd7
29. d6 Nd4 30. Qg1 Nxe2 31. Rxg7+ Kh8 32. Qg5 Rg8 33. Rxg8+ Rxg8 34. Qf6+ Rg7 1/2-1/2

[Event "38th Eastman Open 2015"]
[Site "Ghent BEL"]
[Date "2015.07.21"]
[Round "8.14"]
[White "De Jong, Jasper"]
[Black "De Haas, Wouter"]
[Result "1-0"]
[WhiteElo "2147"]
[BlackElo "2044"]
[WhiteFideId "1008340"]
[BlackFideId "1037218"]
[EventDate "2015.07.18"]

1. e4 c5 2. c3 Nf6 3. e5 Nd5 4. d4 cxd4 5. cxd4 e6 6. Nc3 Nb6 7. f4 Nc6 8. Nf3
d6 9. Bd3 dxe5 10. fxe5 Bb4 11. Be4 Nd5 12. Qd3 h6 13. O-O a6 14. a3 Ba5 15. Bd2
Bb6 16. Kh1 Ba7 17. Rac1 Nce7 18. Nh4 Qb6 19. Qf3 Rf8 20. Ng6 Nxg6 21. Bxg6 Nxc3
22. Bxc3 Bd7 23. Bb4 Bc6 24. Bxf7+ Kd7 25. Bxe6+ Kxe6 26. Qh3+ Kd5 27. Qb3+ Ke4
28. Rce1+ Kxd4 29. Rd1+ Ke4 30. Qd3+ Kxe5 31. Qd6+ Ke4 32. Qe6# 1-0

[Event "38th Eastman Open 2015"]
[Site "Ghent BEL"]
[Date "2015.07.22"]
[Round "9.1"]
[White "Gavrilov, Alexei1"]
[Black "Dgebuadze, Alexandre"]
[Result "1-0"]
[WhiteTitle "GM"]
[BlackTitle "GM"]
[WhiteElo "2411"]
[BlackElo "2490"]
[WhiteFideId "4104358"]
[BlackFideId "203882"]
[EventDate "2015.07.18"]

1. d4 Nf6 2. Nf3 e6 3. c4 Bb4+ 4. Bd2 a5 5. g3 b6 6. Bg2 Bb7 7. O-O O-O 8. Bf4
Be7 9. Nc3 Ne4 10. Rc1 Nxc3 11. Rxc3 d6 12. Qd3 Nc6 13. Rd1 Bf6 14. Qb1 Qe7 15.
d5 Nd8 16. Ra3 e5 17. Bd2 Ba6 18. Qc1 Nb7 19. h4 Nc5 20. Nh2 Qd7 21. Be3 Be7 22.
Bxc5 dxc5 23. d6 cxd6 24. Bxa8 Rxa8 25. Nf1 f5 26. Ne3 Rf8 27. Nd5 Bd8 28. f4
Qf7 29. Rf3 Bb7 30. Qd2 h6 31. Rdf1 Qg6 32. Kf2 Kh8 33. Ke1 b5 34. Rb3 a4 35.
Rxb5 Qxg3+ 36. Kd1 Ba6 37. Rb8 Bxc4 38. Ne3 Bxa2 39. Qxd6 Rg8 40. Rxd8 Qxe3 41.
Rxg8+ Kxg8 42. Qxe5 Bb3+ 43. Ke1 Qg3+ 44. Kd2 Qxh4 45. Qxf5 Qd8+ 46. Qd3 Qf6 47.
Qc3 Qf5 48. Qe5 Qd7+ 49. Ke3 Qh3+ 50. Rf3 Qc8 51. Rg3 Qf8 52. f5 Kh7 53. Rg6 Bc2
54. Kf4 c4 55. e4 Bd3 56. Rd6 Qf7 57. f6 g5+ 58. Kg3 Kg6 59. Qf5+ Kh5 60. Rd7
Qf8 61. Qg4+ Kg6 62. Qf5+ Kh5 63. Qh3+ Kg6 64. Rg7+ Qxg7 65. fxg7 Kxg7 66. Qd7+
Kf6 67. Qd6+ Kg7 68. Kg4 a3 69. bxa3 c3 70. Qxd3 c2 71. Qxc2 Kg6 1-0

[Event "38th Eastman Open 2015"]
[Site "Ghent BEL"]
[Date "2015.07.22"]
[Round "9.2"]
[White "Michiels, Bart"]
[Black "Sumets, Andrey"]
[Result "1-0"]
[WhiteTitle "GM"]
[BlackTitle "GM"]
[WhiteElo "2533"]
[BlackElo "2598"]
[WhiteFideId "202967"]
[BlackFideId "14105500"]
[EventDate "2015.07.18"]

1. d4 d5 2. c4 e6 3. Nc3 Bb4 4. Qa4+ Nc6 5. e3 Nf6 6. Bd2 O-O 7. Nf3 a6 8. Qc2
dxc4 9. Bxc4 Bd6 10. O-O b5 11. Be2 Bb7 12. Ne4 e5 13. Nxd6 cxd6 14. dxe5 dxe5
15. Rfd1 Qe7 16. Bc3 h6 17. Rac1 Rac8 18. Qf5 Rfe8 19. b3 Qa3 20. Qb1 Nb4 21.
Bxb4 Qxb4 22. Rxc8 Bxc8 23. Qb2 Qe7 24. a4 b4 25. Bc4 Kf8 26. Qc2 Qc5 27. Qd3
Ke7 28. Nd2 Qc6 29. Nf3 Bb7 30. Nh4 g6 31. Qxg6 1-0

[Event "38th Eastman Open 2015"]
[Site "Ghent BEL"]
[Date "2015.07.22"]
[Round "9.3"]
[White "De Groote, Ewoud"]
[Black "Docx, Stefan"]
[Result "0-1"]
[BlackTitle "IM"]
[WhiteElo "2315"]
[BlackElo "2417"]
[WhiteFideId "1017870"]
[BlackFideId "200778"]
[EventDate "2015.07.18"]

1. e4 e5 2. Nf3 Nc6 3. Bb5 a6 4. Ba4 Nf6 5. Qe2 b5 6. Bb3 Be7 7. O-O O-O 8. c3
d5 9. d3 Bb7 10. Rd1 h6 11. Nbd2 Re8 12. Nf1 Bf8 13. h3 Na5 14. Bc2 c5 15. N3h2
Qc7 16. Ng4 Nxg4 17. hxg4 d4 18. Bd2 Rac8 19. cxd4 exd4 20. Ng3 g6 21. Rac1 Qb6
22. g5 hxg5 23. Qg4 c4 24. Qxg5 Bg7 25. Bb1 b4 26. dxc4 Nxc4 27. b3 Nxd2 28.
Rxc8 Rxc8 29. Qxd2 a5 30. Bd3 Qd8 31. Rc1 Ra8 32. Qf4 Qe8 33. Rc5 Ba6 34. Bxa6
Rxa6 35. e5 Re6 36. Qxd4 Bxe5 37. Qc4 Kg7 38. Nf1 Bc3 39. Ne3 Rxe3 40. fxe3
Qxe3+ 0-1